[Event "FIDE World Cup"]
[Site "Khanty-Mansiysk"]
[Date "2005.12.02"]
[Round "2.7"]
[White "Najer, Evgeniy"]
[Black "Mamedyarov, Shakhriyar"]
[Result "1-0"]
[WhiteElo "2641"]
[BlackElo "2674"]
[Annotator "Atlas,V"]
[PlyCount "77"]
[EventDate "2005.11.27"]
[EventType "k.o."]
[EventRounds "7"]
[EventCountry "RUS"]
[SourceTitle "CBM 111"]
[Source "ChessBase"]
[SourceDate "2006.04.04"]
[SourceVersion "1"]
[SourceVersionDate "2006.04.04"]
[SourceQuality "1"]

1. e4 Nf6 2. e5 Nd5 3. d4 d6 4. Nf3 dxe5 5. Nxe5 c6 6. Be2 Nd7 7. Nf3 e6 8. O-O
Qc7 9. Re1 Be7 10. c4 N5f6 11. Nc3 O-O 12. Bd3 Rd8 13. Qe2 Nf8 14. Bg5 Ng6 15.
g3 b6 16. h4 Bb7 17. Rad1 Re8 18. Ne5 Nxe5 19. dxe5 Nd7 20. Qe4 (20. Bxh7+ {
was a very tempting continuation:} Kxh7 21. Qd3+ Kg8 22. Qxd7 {, with a clear
advantage.}) 20... Nf8 21. Qg4 Rad8 22. Bf6 Ng6 23. h5 gxf6 24. hxg6 f5 25.
gxf7+ $1 (25. gxh7+ Kh8 26. Qh5 {was less convincing.}) 25... Kxf7 26. Bxf5 $1
exf5 27. e6+ Kf6 28. Qh5 Kg7 29. Qf7+ Kh8 {[%tqu "En","White is piece down,
but his pieces are very active. How can White finish the game victoriously?",
"Exploit the power of your passed pawn and the tension on the d-file.","Use
your d1-rook for the decisive blow!","d1d7","This neat move decides the game.",
4]} 30. Rd7 $1 {[%csl Gd7,Ge6,Re7,Re8,Gf7] After this powerful blow Black's
position falls apart.} Qc8 (30... Rxd7 {loses to} 31. Qxe8+ Kg7 32. exd7) 31.
Rxe7 (31. Kg2 Rxd7 $140 32. Rh1 c5+ 33. Nd5 Bh4 34. exd7 {was another winning
continuation.}) 31... Rxe7 32. Qxe7 c5 33. Qf6+ Kg8 34. Nd5 (34. Qf7+ Kh8 35.
e7 Re8 36. Re6 {/\Rh6 was an appealing alternative.}) 34... Bxd5 35. Qf7+ Kh8
36. cxd5 Rf8 37. Qxf8+ Qxf8 38. e7 Qe8 39. d6 {, and Black resigned, as the
threat 40.d7 cannot be parried.} 1-0

[Event "RUS-ch"]
[Site "Elista"]
[Date "1996.??.??"]
[Round "11"]
[White "Shovunov, Baatr"]
[Black "Solozhenkin, Evgeniy"]
[Result "0-1"]
[WhiteElo "2320"]
[BlackElo "2565"]
[Annotator "Baburin,A"]
[PlyCount "71"]
[EventDate "1996.10.15"]
[EventType "swiss"]
[EventRounds "11"]
[EventCountry "RUS"]
[SourceTitle "CBM 056"]
[Source "ChessBase"]
[SourceDate "1997.02.01"]
[SourceVersion "1"]
[SourceVersionDate "1997.02.01"]
[SourceQuality "1"]

1. e4 Nf6 2. e5 Nd5 3. d4 d6 4. Nf3 g6 5. c4 Nb6 6. exd6 cxd6 7. Nc3 Bg7 8. Be3
O-O 9. Rc1 Bg4 10. h3 Bxf3 11. gxf3 $2 {This is a serious mistake, as White
does not have any real compensation for the weakness of the >>; 11 Qxf3 should
have been preferred.} d5 12. c5 Nc4 13. Bxc4 dxc4 14. O-O Nc6 15. Ne2 e5 16. d5
Nb4 17. Nc3 Qh4 18. Kg2 f5 19. d6 Nd3 20. Nd5 e4 $1 $19 21. f4 g5 22. Qd2 Kh8
23. Rxc4 Qh5 24. Qd1 g4 25. hxg4 fxg4 26. Rh1 Qxd5 27. b3 Qf5 28. Rh4 Nxf4+ 29.
Bxf4 Qxf4 30. Qe2 Bd4 31. Rxg4 Rg8 32. Kh3 Qh6+ 33. Rh4 Qe6+ 34. Kh2 Qe5+ 35.
Kh3 Qf5+ 36. Kh2 0-1

[Event "EU-ch 1st"]
[Site "Saint Vincent"]
[Date "2000.07.10"]
[Round "7"]
[White "Van der Weide, Karel"]
[Black "Miles, Anthony John"]
[Result "0-1"]
[WhiteElo "2467"]
[BlackElo "2584"]
[Annotator "Baburin,A"]
[PlyCount "74"]
[EventDate "2000.07.03"]
[EventType "swiss"]
[EventRounds "11"]
[EventCountry "ITA"]
[SourceTitle "CBM 078"]
[Source "ChessBase"]
[SourceDate "2000.10.18"]
[SourceVersion "1"]
[SourceVersionDate "2000.10.18"]
[SourceQuality "1"]

1. e4 Nf6 2. e5 Nd5 3. d4 d6 4. Nf3 dxe5 5. Nxe5 c6 6. Bc4 Nd7 7. Nf3 N7b6 8.
Bb3 Bg4 9. Nbd2 e6 10. O-O Be7 11. h3 Bh5 12. c3 O-O 13. Ne4 Bg6 14. Qe2 Nd7
15. Re1 a5 16. a4 Re8 17. Bc4 Qc7 18. Bg5 Bxg5 19. Nexg5 h6 20. Ne4 Rad8 21.
Rad1 N5b6 22. Bb3 e5 23. Ng3 (23. dxe5 $142) 23... e4 24. Nh4 Bh7 25. Qh5 $6
Nf6 $1 26. Qxa5 Ra8 27. Qc5 Nxa4 28. Bxa4 Rxa4 29. Nhf5 Bxf5 30. Nxf5 Re6 $1 {
Black has prevented Qc5-d6 and now threatens 31...b6, 31...Nd7 or 31...Ra5.}
31. b4 b6 32. Qc4 b5 33. Qb3 (33. Qc5 $4 Nd7 $19) 33... Nd5 $17 {Now Black has
an advantage, as his pawn structure is better: the c3-pawn is weak, while the
e-pawn might be used as a battering-ram in the attack.} 34. Ne3 Qd7 35. Ra1 Rg6
36. Kh1 $2 (36. Rxa4 $142 bxa4 37. Qc2 (37. Qxa4 Nxc3 $17 (37... Qxh3 38. Qxc6
Qxg2+ 39. Nxg2 Rxc6 $15))) (36. Ng4 $142 Rxa1 37. Rxa1 Nf4 $36) 36... Nf4 37.
Kh2 (37. Rxa4 bxa4 38. Qxa4 Nxg2 $1 $19) (37. Ng4 Rxg4 38. hxg4 Qxg4 $19) {
[%tqu "En","How can Black conclude the attack?","You have enough forces - just
use them effectively!","","g6g2","",2]} 37... Rxg2+ $1 0-1

[Event "Rostov on Don"]
[Site "Rostov on Don"]
[Date "1993.??.??"]
[Round "?"]
[White "Psakhis, Lev"]
[Black "Vaganian, Rafael A"]
[Result "1-0"]
[WhiteElo "2575"]
[BlackElo "2615"]
[Annotator "Blatny,P"]
[PlyCount "117"]
[EventDate "1993.05.??"]
[EventType "tourn"]
[EventRounds "11"]
[EventCountry "RUS"]
[EventCategory "14"]
[SourceTitle "CBM 036"]
[Source "ChessBase"]
[SourceDate "1993.10.01"]
[SourceVersion "1"]
[SourceVersionDate "1993.10.01"]
[SourceQuality "1"]

1. e4 Nf6 2. e5 Nd5 3. d4 d6 4. Nf3 dxe5 5. Nxe5 g6 6. Bc4 Be6 (6... c6 7. O-O
Nd7 $5 (7... Bg7 8. Nd2 (8. Re1 O-O 9. Bb3 a5 $1 10. a4 Be6 11. c3 Qc7 12. Nd3
Nd7 13. Nd2 Rfe8 14. Ne4 h6 15. Qf3 Bf5 16. Bd2 Qb6 17. Bc2 Rad8 $10 {Godena,
M-Kveinys,A/Debrecen EU-tch/1992/}) 8... O-O 9. Ndf3 Nd7 10. Nd3 a5 11. a4 N7b6
12. Bb3 Bg4 13. c3 Nd7 14. h3 Bxf3 15. Qxf3 $14 {^^ Adams,M-Horvath,J/Debrecen
EU-tch/1992/}) 8. Nf3 (8. Nd3 $5) 8... Bg7 9. Bb3 a5 10. c4 Nc7 11. Nc3 O-O 12.
Re1 Nb6 13. Bg5 Be6 14. c5 Nbd5 $10 {Ulybin-Bagirov/Moskva op/1992/}) 7. Bb3 (
7. Nc3 $5 Bg7 (7... Nxc3 $2 8. Bxe6 $1 fxe6 9. bxc3 Bg7 10. Qe2 Qd5 11. Nf3 $1
$16) 8. Qf3 c6 9. O-O O-O 10. Ne4 Nc7 $10) 7... Bg7 8. O-O O-O 9. Nf3 Bg4 10.
Nbd2 (10. h3 Bxf3 11. Qxf3 c6 $14) 10... a5 (10... Bxd4 $2 11. h3 Bxf3 $8 12.
Nxf3 c5 13. Bh6 $1 Re8 14. c3 $18) 11. a3 c6 12. h3 Bxf3 13. Nxf3 e6 14. Bg5
Ne7 15. Qd2 $14 Nd7 16. Rfe1 Re8 17. h4 Nf6 18. c3 Qb6 19. Ba2 Nf5 20. h5 c5 (
20... gxh5 21. Ne5 $40) (20... Nxh5 $2 21. g4 h6 $8 22. gxf5 hxg5 23. fxe6 $18)
21. h6 Bh8 22. Qf4 cxd4 $6 (22... Nh5 $142 23. Qh2 Qxb2 24. g4 Qxc3 $132) 23.
g4 Nxg4 $8 24. Qxg4 dxc3 25. bxc3 Bxc3 26. Rab1 $16 {B>3P} Qc5 27. Re2 b5 28.
Qf4 Ra6 (28... e5 $5) 29. a4 b4 30. Rd1 Rd6 31. Rxd6 Qxd6 32. Qxd6 Nxd6 33. Kg2
Nb7 34. Be3 Rc8 35. Ng5 Nc5 36. Bxc5 Rxc5 37. Ne4 Rc7 38. Nxc3 Rxc3 $2 (38...
bxc3 39. Rc2 Kf8 40. Kf3 Ke7 41. Ke3 Kf6 $16) 39. Re5 Kf8 (39... Ra3 40. Rxa5
$18) 40. Rxa5 b3 41. Bb1 Rc1 42. Be4 f5 (42... b2 $5 43. Rb5 Rc4 44. Kf3 Rxa4
45. Rxb2 f5 46. Bb1 Rh4 47. Rb8+ Kf7 48. Rb7+ Kf6 49. Rxh7 g5 $1 50. Ba2 {
+/-/+-}) 43. Ra8+ Ke7 44. Ra7+ Kf6 45. Rxh7 $1 fxe4 46. Rb7 e3 (46... Rc4 47.
h7 Rc8 48. a5 $1 (48. Rxb3 Kg7 $1 (48... Ra8 $2 49. Rh3 Kg7 50. h8=Q+ $18) 49.
Rb7+ Kh8 50. Kg3 Ra8 $14) 48... Ra8 49. a6 $18) 47. fxe3 Rc4 48. a5 Rg4+ 49.
Kf3 Rh4 50. a6 Rxh6 51. a7 Rh8 52. Rb8 b2 53. Rxb2 (53. a8=Q b1=Q 54. Rxh8 Qf1+
55. Kg3 Qg1+ (55... Qe1+ 56. Kh2 $18) 56. Qg2 $18) 53... Ra8 54. Ra2 Kg5 55.
Ra4 $1 $18 Kf6 56. Ra5 Ke7 57. Kf4 Kd6 58. Kg5 Kc6 59. Kxg6 1-0

[Event "Interzonal-14a"]
[Site "Subotica"]
[Date "1987.??.??"]
[Round "11"]
[White "Popovic, Petar"]
[Black "Alburt, Lev O"]
[Result "0-1"]
[WhiteElo "2540"]
[BlackElo "2575"]
[Annotator "Blatny,P"]
[PlyCount "74"]
[EventDate "1987.06.??"]
[EventType "tourn"]
[EventRounds "17"]
[EventCountry "YUG"]
[EventCategory "11"]
[SourceTitle "CBM 003"]
[Source "ChessBase"]
[SourceDate "1988.04.01"]
[SourceVersion "1"]
[SourceVersionDate "1988.04.01"]
[SourceQuality "1"]

1. e4 Nf6 2. e5 Nd5 3. d4 d6 4. Nf3 g6 5. Bc4 Nb6 6. Bb3 Bg7 7. a4 d5 8. a5 Nc4
9. Qe2 $5 (9. Nbd2) 9... b5 10. axb6 Nxb6 11. Nc3 O-O 12. O-O Bg4 13. h3 Bxf3
14. Qxf3 e6 15. Na4 N8d7 16. Qc3 Nxa4 17. Bxa4 c5 18. Be3 c4 (18... Nxe5 $142
$1 {Popovic,P}) 19. b3 (19. b4 $16) 19... Rc8 20. Qb4 $2 (20. Qd2 $142 $16)
20... Rc7 21. Ra2 cxb3 22. cxb3 Qb8 23. Bd2 Rfc8 24. Qa5 Bf8 25. Rfa1 Rb7 26.
g3 Rcc7 27. Be3 Nb6 28. Bb5 Nc8 29. Ba4 Ne7 30. g4 Nc6 31. Qd2 Nb4 32. Rb2 Rc8
33. Qe2 Rbc7 34. Rd1 Nc2 35. Rd2 Nxe3 36. Qxe3 Ba3 37. Rb1 Bc1 0-1

[Event "USA-ch"]
[Site "Modesto"]
[Date "1995.??.??"]
[Round "13"]
[White "Kudrin, Sergey"]
[Black "Khmelnitsky, Igor N"]
[Result "1-0"]
[WhiteElo "2525"]
[BlackElo "2490"]
[Annotator "Blatny,P"]
[PlyCount "89"]
[EventDate "1995.11.??"]
[EventType "tourn"]
[EventRounds "13"]
[EventCountry "USA"]
[EventCategory "12"]
[SourceTitle "CBM 051"]
[Source "ChessBase"]
[SourceDate "1996.04.01"]
[SourceVersion "1"]
[SourceVersionDate "1996.04.01"]
[SourceQuality "1"]

1. e4 Nf6 2. e5 Nd5 3. d4 d6 4. Nf3 Nb6 5. a4 a5 6. Bb5+ c6 7. Bd3 Bg4 8. exd6
Qxd6 9. Nbd2 Qe6+ $6 (9... e6) (9... g6) 10. Be2 Nd5 $6 11. h3 Bf5 12. Nc4 Nd7
13. O-O Qg6 14. c3 Bc2 (14... Bxh3 15. Ng5 $1 (15. Nh4 Qf6) 15... Be6 16. Re1 {
/\Bh5} Qf6 17. Nxe6 fxe6 (17... Qxe6 18. Bg4 Qf6 19. Bg5 $1 Qxg5 20. Nd6+ Kd8
21. Nxf7+ $18) 18. Bg4 Nc7 19. Qb3 Ra7 20. Nb6 $16 (20. Bxe6 $5 $16 Nxe6 21.
Nd6+ $16)) 15. Qd2 Be4 16. Ng5 Bf5 17. g4 h6 18. gxf5 Qxg5+ 19. Qxg5 hxg5 20.
Bxg5 f6 21. Bd2 Rxh3 22. Kg2 Rh8 23. Rh1 Rxh1 24. Rxh1 N7b6 25. Nxb6 Nxb6 26.
b3 Nd5 27. Bh5+ Kd7 28. Bf7 Nc7 29. Re1 Ra6 30. c4 Ra8 31. Kf3 b6 32. Kg4 Rd8
33. Kh5 c5 34. d5 g5 35. fxg6 Bg7 36. Bf4 Rh8+ 37. Kg4 Ne8 38. Bxe8+ Kxe8 39.
Re6 Bh6 40. d6 Bf8 41. dxe7 Bxe7 42. Bd6 Kd7 43. Rxe7+ Kxd6 44. Rh7 Rg8 45. Kf5
1-0

[Event "Benasque"]
[Site "Benasque"]
[Date "1995.??.??"]
[Round "4"]
[White "Psakhis, Lev"]
[Black "Komarov, Dimitri"]
[Result "1-0"]
[WhiteElo "2610"]
[BlackElo "2575"]
[Annotator "Blatny,P"]
[PlyCount "81"]
[EventDate "1995.07.??"]
[EventType "tourn"]
[EventRounds "9"]
[EventCountry "ESP"]
[EventCategory "13"]
[SourceTitle "CBM 050"]
[Source "ChessBase"]
[SourceDate "1996.02.01"]
[SourceVersion "1"]
[SourceVersionDate "1996.02.01"]
[SourceQuality "1"]

1. e4 {Baburin Psakhis} Nf6 2. e5 Nd5 3. d4 d6 4. Nf3 dxe5 5. Nxe5 (5. dxe5 {
קe5 =}) 5... Nd7 (5... e6 6. Qf3 Qf6 7. Qg3 h6 8. Nc3 Nb4 9. Bb5+ c6 10. Ba4
Nd7 11. Ne4 $36) (5... g6 6. Bc4 Be6 7. Nc3 Bg7 8. Ne4 Bxe5 (8... O-O 9. Ng5
$14) 9. dxe5 Nc6 $132 {קe5}) 6. Nf3 (6. Nxf7 $5 $40) 6... e6 7. g3 {Baburin:
This is an usual idea in this line, I think that Black should meet it with
c7-c6, limiting the g2-Bishop.} (7. c4 N5f6 (7... N5b6 8. Nc3 Be7 9. b3 O-O 10.
Be2 c5 11. Bb2 cxd4 12. Nxd4 a5 13. Qc2 a4 14. Rd1 $14 {Domont,A-Liardet,F/
Genf op (05) ;TD 92\04 1992}) 8. Nc3 c5 9. d5 exd5 10. cxd5 Bd6 11. Bg5 h6 12.
Bh4 O-O 13. Be2 Ne5 14. O-O Ng6 15. Bg3 a6 16. a4 b6 17. Re1 Bb7 18. Bc4 Qc7
19. Qd3 Rfd8 20. Rad1 Nf4 21. Qc2 Re8 22. Ne4 Nxe4 23. Rxe4 Rxe4 24. Qxe4 $14 {
Benjamin,J-Bagirov,V/Manila olm ;TD 92\02 1992}) 7... b6 (7... Be7 8. Bg2 O-O
9. O-O b5 10. Re1 (10. Qe2 a6 11. a4 Bb7 12. Rd1 (12. axb5 axb5 13. Rxa8 Qxa8
14. Qxb5 N5b6 15. Qb3 (15. Ne1 Bxg2 16. Nxg2 Qe4 17. Qd3 Qxd3 18. cxd3 Bf6 $10)
15... Bd5 16. Qe3 c5 $132) 12... b4 13. c4 bxc3 14. bxc3 c5 15. c4 N5f6 16. d5
exd5 17. Nh4 Bd6 18. cxd5 Re8 19. Qc2 Be5 20. Bb2 Bxb2 21. Qxb2 $14 {Gdanski,
J-Bus,M/Cappelle op (06) ;TD 93\04 1993}) 10... Bb7 11. Qe2 a6 12. a4 c5 13.
axb5 axb5 14. Rxa8 Qxa8 15. Qxb5 N5f6 16. d5 Bxd5 17. Qe2 $14 {Jansa,V-Martin,
A/Gausdal Arnold-Cup (01) ;TD 90\05 1990}) 8. c4 {[+]} N5f6 (8... Nb4 9. a3 {
/\פc6}) 9. Bg2 Bb7 10. O-O Be7 (10... Bd6 11. Re1 (11. b3 O-O 12. Bb2 Re8 13.
Re1 c5 14. Nc3 a6 15. Qc2 Qc7 16. Rad1 $14 {Nelson,J-Knox,D/BCF-ch (10) ;TD
94\03 1994}) 11... O-O 12. Nc3 {+/=/=}) 11. Nc3 O-O 12. Bf4 $14 {/\Nb5,קc7}
Bd6 (12... c5 13. d5 exd5 14. cxd5 Nh5 15. Be3 $14 Re8 $140 $2 16. Nd2 $1 Nhf6
17. d6 $18) 13. Ne5 {/\><c6 White starts to fight for the c6-square.} (13. Bxd6
cxd6 $10) 13... Bxg2 (13... Qc8 14. Nc6 Kh8 (14... Bxc6 15. Bxc6 Rb8 16. Be3 (
16. Bxd6 cxd6 17. Qf3 a6 18. Rfe1 $14) 16... a6 17. Re1 Rd8 18. Qc2 $14) 15.
Qc2 Bxf4 16. gxf4 Re8 17. Rfe1 $14) 14. Kxg2 Qc8 15. Qf3 Re8 (15... Bxe5 16.
dxe5 $16 {()}) 16. Rfd1 Nf8 17. Qc6 Ng6 (17... Rb8 18. Nb5 Qb7 19. f3 Bxe5 20.
Qxb7 Rxb7 21. Bxe5 $14) 18. Nxg6 hxg6 19. Be5 Ng4 (19... Qd7 20. Qxd7 Nxd7 21.
Bxd6 cxd6 22. Nb5 $16) 20. Re1 (20. Bxd6 cxd6 21. Qf3 (21. Qxd6 $2 Qxc4 $15)
21... Nf6 22. b3 Qd7 $14) 20... Rb8 $6 {/\Qb7} (20... Rd8 $1 {Psakhis}) 21. Nb5
a6 (21... Bb4 22. Bxc7 Rb7 (22... Bxe1 23. Nd6 $18) 23. d5 Bxe1 24. Rxe1 Nf6
25. d6 $16) (21... Nxe5 22. dxe5 Bb4 23. Red1 a6 24. Na7 Qb7 25. Qxb7 Rxb7 26.
Nc6 $16) 22. Na7 $1 {Baburin: This is an unusual place for a Knight, but soon
it will take its position on c6.} Qb7 (22... Qd8 $142 23. Qf3 Qg5 24. Nc6 Rbc8
25. h3 $14) 23. Qxb7 Rxb7 24. Nc6 $16 b5 (24... Kf8 25. b4 $1 (25. h3 Nh6 {
/\f6;Nf5-e7})) 25. c5 $1 Nxe5 (25... Bf8 26. b4 $16) 26. dxe5 (26. Nxe5 Bxe5
27. dxe5 (27. Rxe5 c6 $15) 27... Rd8 28. Rad1 Rbb8 $10) 26... Bxc5 {Baburin:
Although the c6-square strictly is not an outpost, as it isn't under control
of any white pawn, the Knight being placed there takes a dominating position:
it locks in the Rook on b7 and prevents the other Rook from getting into the
d-file. White is winning here, even being a pawn down.} 27. Rac1 Bf8 (27... Bb6
28. Red1 $16) 28. b4 f6 (28... g5 {/\g6}) 29. f4 g5 (29... fxe5 30. fxe5 {
+/-<->d,f}) 30. fxg5 fxe5 (30... fxg5 31. Red1 $16) 31. g6 $1 {><f7} Bd6 32.
Rf1 Rb6 (32... Rf8 33. Rxf8+ Kxf8 (33... Bxf8 34. Kf3 $16) 34. Kf3 Ke8 35. Ke4
Kd7 36. h4 $1 Rb6 37. h5 $18) 33. Rf7 {/\Kf3-e4} e4 (33... Rf8 $142 34. Ne7+
Bxe7 35. Rxe7 Rf6 36. Re8+ Rf8 37. Rxf8+ Kxf8 38. Rxc7 $16 Rd6 39. h4 Rd2+ $140
40. Kh3 Rxa2 41. h5 Ra1 42. Kg4 $1 Rh1 $8 43. Rc8+ Ke7 44. Rg8 Kf6 45. Rf8+ Ke7
46. Rf7+ Kd6 47. Rxg7 e4 48. Ra7 (48. Rd7+) 48... e3 49. g7 e2 50. Rxa6+ Kd5
51. Rxe6 $1 $18) 34. h4 $1 e3 35. Kf3 Rf8 36. Rxf8+ Kxf8 37. h5 e2 38. Kxe2
Bxg3 (38... Ke8 39. Kf3 Kf8 40. g4 Ke8 41. Ke4 Kd7 42. h6 $18) 39. Rf1+ Ke8 (
39... Kg8 40. Ne7+ Kh8 41. Rf8#) 40. h6 $18 Rxc6 41. hxg7 1-0

[Event "Oakham YM"]
[Site "Oakham"]
[Date "1992.??.??"]
[Round "5"]
[White "Rublevsky, Sergei"]
[Black "Hauchard, Arnaud"]
[Result "0-1"]
[WhiteElo "2505"]
[BlackElo "2420"]
[Annotator "Blatny,P"]
[PlyCount "64"]
[EventDate "1992.03.??"]
[EventType "swiss"]
[EventRounds "9"]
[EventCountry "ENG"]
[SourceTitle "CBM 030"]
[Source "ChessBase"]
[SourceDate "1992.10.01"]
[SourceVersion "1"]
[SourceVersionDate "1992.10.01"]
[SourceQuality "1"]

1. e4 {Bulletin} Nf6 2. e5 Nd5 3. d4 d6 4. Nf3 dxe5 (4... g6 {-->
Nijboer-Knoppert NLD ch 1992}) 5. Nxe5 Nd7 (5... g6 {--> Ernst-Kengis, Haninge
1992}) 6. Nxf7 (6. Bc4 Nxe5 7. dxe5 {+/= Adams-Motwani, Blackpool zt 1990}) (6.
Nf3 $10 {--> Bologan-Hauchard, Oakham 1992 CBM30}) (6. Qf3 Nxe5 7. dxe5 e6 $10
{Ligterink-Rivas, Amsterdam 1978}) (6. Nxd7 Bxd7 (6... Qxd7 7. Be2 g6 8. O-O {
Rostalski-Behrhorst, Hamburg 1983}) 7. Be2 (7. c4 Nf6 {Hertzog-Gerstenberger,
FRG}) 7... e6 8. c4 Nb6 {Sutterer-Siegel, Eberbach 1980}) 6... Kxf7 7. Qh5+ Ke6
8. c4 (8. g3 $5 b5 9. a4 c6 10. axb5 g6 11. Qe2+ Kf7 12. bxc6 N7b6 13. Bg2 {
Ernst-Komarov, Dortmund 1992} Bg7 14. c4 Nb4 15. d5 Bf5 16. Be4 Bxe4 17. Qxe4
N4xd5 18. cxd5 Qxd5 $10) 8... N5f6 9. d5+ Kd6 10. Qf7 (10. Bf4+ $2 e5 11. c5+
Ke7 12. Bg5 Qe8 $19 {Andreev-Kharlamov, USSR 1981}) 10... Ne5 (10... Nb8 11.
c5+ Kd7 12. Bb5+ c6 13. dxc6+ bxc6 14. O-O Kc7 15. Bf4+ Kb7 16. Qb3 $40) 11.
Bf4 c5 12. Nc3 (12. Nd2 g5 13. Bg3 g4 14. O-O-O Rg8 15. Re1 Rg5 {
Kallai-Horvath, Budapest Noviki 1990}) 12... a6 13. O-O-O $2 (13. b4 Qb6 14.
bxc5+ Qxc5 15. Rd1 g5 16. Bxe5+ Kxe5 17. Be2 {/\0-0,Rfe1 ->}) 13... g6 $1 {
/\Bh6! ףf7} 14. Bxe5+ Kxe5 15. d6 Bh6+ 16. Kc2 (16. Kb1 Qf8 17. Rd5+ Nxd5 18.
Qxd5+ Kf6 19. Ne4+ Kg7 20. Qe5+ Kf7 21. dxe7 Qxe7 22. Nd6+ Qxd6 23. Qxd6 Bf5+ {
/\Rd8}) 16... Qe8 17. Rd5+ Nxd5 18. Qxd5+ Kf6 19. Ne4+ (19. Bd3 exd6 20. Qxd6+
Kf7 21. Ne4 Qc6 22. Qe5 Rd8 {0:1 Rozentalis-Sokolov,A, Bern op 1992}) 19... Kg7
20. Qe5+ Kf7 (20... Kg8 21. Nf6+ $18) 21. Bd3 (21. dxe7 Bf5 $1 22. Bd3 Qxe7 23.
Nd6+ Qxd6 24. Qxd6 Rad8 25. Qc7+ Rd7 $19) 21... Bg7 (21... Bf5 22. g4 Bxe4 23.
Bxe4 e6 24. Re1 Qa4+ 25. Kd3 Rhe8 26. h4 {0:1 De Firmian-Rohde, USA ch 1989})
22. Qf4+ Kg8 23. Re1 Qf8 24. Qg5 exd6 25. Qd5+ Qf7 26. Nxd6 Qxd5 27. Re8+ Bf8
28. cxd5 c4 29. Bxc4 b5 30. Bb3 Kg7 (30... Bf5+ $4 31. Nxf5 Rxe8 32. d6+) 31.
Nxc8 Bc5 32. Re7+ Kh6 0-1

[Event "Bern op"]
[Site "Bern"]
[Date "1992.??.??"]
[Round "5"]
[White "Rozentalis, Eduardas"]
[Black "Sokolov, Andrei"]
[Result "0-1"]
[WhiteElo "2585"]
[BlackElo "2565"]
[Annotator "Blatny,P"]
[PlyCount "44"]
[EventDate "1992.02.??"]
[EventType "swiss"]
[EventRounds "9"]
[EventCountry "SUI"]
[SourceTitle "CBM 028"]
[Source "ChessBase"]
[SourceDate "1992.06.01"]
[SourceVersion "1"]
[SourceVersionDate "1992.06.01"]
[SourceQuality "1"]

1. e4 {Ernst Anand} Nf6 2. e5 Nd5 3. d4 d6 4. Nf3 dxe5 (4... Bg4) (4... g6) 5.
Nxe5 Nd7 $5 {קf7} 6. Nxf7 $5 (6. Bc4 $1 {Ernst} Nxe5 7. dxe5 Be6 8. O-O g6 9.
Nd2 Bg7 10. Nf3 O-O 11. Qe2 c6 12. h3 b5 13. Bb3 a5 14. a4 Qb6 15. Rd1 Rad8 16.
Bd2 b4 17. Qe4 Nc7 18. Be3 Qb7 19. Bxe6 Nxe6 20. Nd2 Rd5 21. Nc4 Rfd8 22. Rd3
$1 Rxd3 23. cxd3 Rd5 24. f4 $16 {Adams - Motwani, Blackpool (zt) 1990.}) 6...
Kxf7 7. Qh5+ Ke6 $8 (7... Kg8 $4 8. Qxd5+ e6 9. Qxe6#) (7... g6 8. Qxd5+ $18)
8. c4 N5f6 {/^e8-h5, Kf7} 9. d5+ Kd6 10. Qf7 (10. Bf4+ $2 e5 11. c5+ (11. dxe6+
Kxe6 {/\Kf7,Nc5-e6 -+}) 11... Ke7 12. Bg5 Qe8 $19 {Andreev-Kharlamov,USSR 1981}
) (10. Qe2 $5 e5 11. dxe6 Nc5 12. Nc3 Nxe6 13. Bg5 $1 Nd4 14. O-O-O c5 15.
Rxd4+ $1 cxd4 16. c5+ Kd7 17. Qb5+ Ke7 {Neulinger-Achs, Austria 1987} 18. Bc4
$1 $18) 10... Ne5 $5 (10... Nb8 11. c5+ (11. Bf4+ $2 e5 $1 12. c5+ Kxc5 13. b4+
Kd6 14. Be3 b6 $19 15. Bc5+ bxc5 16. bxc5+ Kxc5 17. d6 Qe8 18. Qxc7+ Qc6 19.
Qd8 Qe4+ 20. Be2 Nc6 {0:1 Kuepper-Popov,Enschede 1963}) 11... Kd7 $8 12. Bb5+
c6 13. dxc6+ bxc6 (13... Nxc6 $2 14. O-O $18) 14. O-O Kc7 (14... Qe8 $2 15.
Rd1+ Kc7 16. Bf4+ Kb7 17. Ba6+ $1 {1:0 Ochsner-Soerensen,Arhus 1985} Kxa6 18.
Qc4+ Kb7 19. Qb4+ Ka6 20. Rd3 {/\Ra3#}) 15. Bf4+ Kb7 16. Qb3 $1 Nfd7 $8 17.
Bxc6+ Kxc6 18. Qf3+ Kxc5 19. Rc1+ Kb6 20. Qb3+ Ka6 21. Qc4+ Kb7 22. Qd5+ Ka6
23. Bc7 $18) 11. Bf4 $8 {/\c5} c5 12. Nc3 (12. dxc6 $2 Qa5+ 13. Nc3 Kxc6 $19) (
12. Nd2 $5 {Anand} g5 13. Bg3 g4 14. O-O-O Rg8 15. Re1 Rg5) 12... a6 13. O-O-O
$2 (13. b4 Qb6 $5 (13... b6 14. Rb1 $1 g6 15. bxc5+ bxc5 16. Rb7 $3 {/\17.
Qxf6+,18.Ne4#} Qa5 $8 17. Bxe5+ Kxe5 18. Rxe7+ $1 Bxe7 19. Qxe7+ Kf5 20. Bd3+
Kg5 21. Qe3+ $1 Kh5 22. Be2+ Bg4 $8 (22... Ng4 23. h3 $18) 23. Qh3+ $1 Kg5 24.
f4+ $1 Kf5 25. Qd3+ Kxf4 26. O-O+ Kg5 (26... Ke5 27. Qg3+ Kd4 28. Rf4+) 27.
Qe3+ Kh5 (27... Kh4 28. Qh6+ {/\g3+,Rf4 +-}) 28. Bxg4+ Nxg4 29. Qh3+ Kg5 30.
Ne4#) (13... cxb4 14. c5+ Kxc5 15. Na4+ Kd6 16. Nb2 $16 {/\Nc4+;Nd3}) (13...
Qc7 14. O-O-O Nfg4 15. Be2 $1 Kd7 $8 16. Bxg4+ Kd8 17. d6 $1 {Votava-Sarkozy,
Czechoslovakia 1988} Nxf7 (17... exd6 18. Bg5+ Be7 19. Qxg7 Bxg5+ $8 20. Qxg5+
Qe7 $8 21. Rxd6+ Bd7 (21... Ke8 22. Bh5+ $18) 22. Rxd7+ $1 Nxd7 23. Qxe7+ Kxe7
24. Re1+ Kd8 25. Rd1 $18) 18. dxc7+ (18. dxe7+ $5 Ke8 $1 (18... Kxe7 19. Nd5+
$1 $18) 19. exf8=Q+ Kxf8 (19... Rxf8 $2 20. Bxc7 Bxg4 21. Rhe1+ $18) 20. Bxc7
Bxg4 21. f3 $16) 18... Ke8 19. Bf3 $1 {/\Na4-b6;Nd5-b6 +-}) 14. bxc5+ Qxc5 15.
Rd1 g5 $1 (15... Qa3 16. Rd3 $1 {/\Re3;Ne4+}) 16. Bxe5+ (16. Bg3 $6 Qa3 17. Rd3
Qc1+ 18. Nd1 Ne4 19. Bxe5+ Kxe5 {/\Bf5,e6,Bb4+ -/+/-+}) 16... Kxe5 17. Be2 {
/\0-0,Rfe1~/=}) 13... g6 $1 {/\Bh6 -+ ףf7} 14. Bxe5+ (14. Re1 Bh6 $3 $19)
14... Kxe5 15. d6 Bh6+ 16. Kc2 (16. Kb1 Qf8 $1 17. Rd5+ Nxd5 18. Qxd5+ Kf6 19.
Ne4+ Kg7 20. Qe5+ Kf7 21. dxe7 Qxe7 22. Nd6+ Qxd6 $3 $8 23. Qxd6 Bf5+ {
/\Rad8!-+}) 16... Qe8 17. Rd5+ Nxd5 18. Qxd5+ Kf6 19. Bd3 (19. Ne4+ Kg7 20.
Qe5+ Kf7 (20... Kg8 $4 21. Nf6+ $1 $18) 21. dxe7 Bf5 $1 $8 22. Bd3 Qxe7 $1 $8
23. Nd6+ Qxd6 $3 24. Qxd6 Rad8 25. Qc7+ Rd7 {/\Rxd3-+}) 19... exd6 $19 20.
Qxd6+ Kf7 21. Ne4 Qc6 22. Qe5 Rd8 {/\Bf5,Rxd3} 0-1